<?xml version="1.0" encoding="UTF-8"?>
<record
    xmlns:xsi="http://www.w3.org/2001/XMLSchema-instance"
    xsi:schemaLocation="http://www.loc.gov/MARC21/slim http://www.loc.gov/standards/marcxml/schema/MARC21slim.xsd"
    xmlns="http://www.loc.gov/MARC21/slim">

  <leader>00569nam a22001817a 4500</leader>
  <controlfield tag="005">20260401134106.0</controlfield>
  <controlfield tag="008">260401b        |||||||| |||| 00| 0 eng d</controlfield>
  <datafield tag="020" ind1=" " ind2=" ">
    <subfield code="a">978-93-5090-468-8</subfield>
  </datafield>
  <datafield tag="050" ind1=" " ind2=" ">
    <subfield code="a">RA 1063.4 .A 85 2014</subfield>
  </datafield>
  <datafield tag="100" ind1=" " ind2=" ">
    <subfield code="a">SHETTY, B SURESH KUMAR</subfield>
  </datafield>
  <datafield tag="245" ind1=" " ind2=" ">
    <subfield code="a">ATLAS OF FORENSIC PATHOLOGY</subfield>
  </datafield>
  <datafield tag="260" ind1=" " ind2=" ">
    <subfield code="a">NEW DELHI,</subfield>
    <subfield code="b">JAYPEE BROTHERS MEDICAL PUBLISHERS (P) LTD</subfield>
  </datafield>
  <datafield tag="300" ind1=" " ind2=" ">
    <subfield code="a">XVi, 193 P, ILL</subfield>
  </datafield>
  <datafield tag="500" ind1=" " ind2=" ">
    <subfield code="a">INCLUDES INDEX</subfield>
  </datafield>
  <datafield tag="650" ind1=" " ind2=" ">
    <subfield code="a">1. FORENSIC PATHOLOGY - ATLASES</subfield>
  </datafield>
  <datafield tag="700" ind1=" " ind2=" ">
    <subfield code="a">RASTOGI PRATEEK, KANCHAN TANUJ, PADUBIRI JAGADISH RAO</subfield>
  </datafield>
  <datafield tag="942" ind1=" " ind2=" ">
    <subfield code="2">lcc</subfield>
    <subfield code="c">BK</subfield>
  </datafield>
  <datafield tag="999" ind1=" " ind2=" ">
    <subfield code="c">216922</subfield>
    <subfield code="d">216922</subfield>
  </datafield>
  <datafield tag="952" ind1=" " ind2=" ">
    <subfield code="0">0</subfield>
    <subfield code="1">0</subfield>
    <subfield code="2">lcc</subfield>
    <subfield code="4">0</subfield>
    <subfield code="6">RA10634 A85  02014</subfield>
    <subfield code="7">0</subfield>
    <subfield code="8">MED</subfield>
    <subfield code="9">376677</subfield>
    <subfield code="a">KSUL</subfield>
    <subfield code="b">KSUL</subfield>
    <subfield code="c">DISPLAY</subfield>
    <subfield code="d">2026-04-01</subfield>
    <subfield code="i">112664</subfield>
    <subfield code="l">0</subfield>
    <subfield code="o">RA 1063.4 .A 85 2014</subfield>
    <subfield code="p">A000459</subfield>
    <subfield code="r">2026-04-01 13:28:56</subfield>
    <subfield code="t">1</subfield>
    <subfield code="w">2026-04-01</subfield>
    <subfield code="y">BK</subfield>
  </datafield>
  <datafield tag="952" ind1=" " ind2=" ">
    <subfield code="0">0</subfield>
    <subfield code="1">0</subfield>
    <subfield code="2">lcc</subfield>
    <subfield code="4">0</subfield>
    <subfield code="6">RA10634 A85  02014</subfield>
    <subfield code="7">0</subfield>
    <subfield code="8">MED</subfield>
    <subfield code="9">376678</subfield>
    <subfield code="a">KSUL</subfield>
    <subfield code="b">KSUL</subfield>
    <subfield code="c">DISPLAY</subfield>
    <subfield code="d">2026-04-01</subfield>
    <subfield code="i">112665</subfield>
    <subfield code="l">0</subfield>
    <subfield code="o">RA 1063.4 .A 85 2014</subfield>
    <subfield code="p">A000467</subfield>
    <subfield code="r">2026-04-01 13:30:49</subfield>
    <subfield code="t">2</subfield>
    <subfield code="w">2026-04-01</subfield>
    <subfield code="y">BK</subfield>
  </datafield>
  <datafield tag="952" ind1=" " ind2=" ">
    <subfield code="0">0</subfield>
    <subfield code="1">0</subfield>
    <subfield code="2">lcc</subfield>
    <subfield code="4">0</subfield>
    <subfield code="6">RA10634 A85  02014</subfield>
    <subfield code="7">0</subfield>
    <subfield code="8">MED</subfield>
    <subfield code="9">376679</subfield>
    <subfield code="a">KSUL</subfield>
    <subfield code="b">KSUL</subfield>
    <subfield code="c">DISPLAY</subfield>
    <subfield code="d">2026-04-01</subfield>
    <subfield code="i">112666</subfield>
    <subfield code="l">0</subfield>
    <subfield code="o">RA 1063.4 .A 85 2014</subfield>
    <subfield code="p">A000465</subfield>
    <subfield code="r">2026-04-01 13:30:00</subfield>
    <subfield code="t">3</subfield>
    <subfield code="w">2026-04-01</subfield>
    <subfield code="y">BK</subfield>
  </datafield>
  <datafield tag="952" ind1=" " ind2=" ">
    <subfield code="0">0</subfield>
    <subfield code="1">0</subfield>
    <subfield code="2">lcc</subfield>
    <subfield code="4">0</subfield>
    <subfield code="6">RA10634 A85  02014</subfield>
    <subfield code="7">0</subfield>
    <subfield code="8">MED</subfield>
    <subfield code="9">376680</subfield>
    <subfield code="a">KSUL</subfield>
    <subfield code="b">KSUL</subfield>
    <subfield code="c">DISPLAY</subfield>
    <subfield code="d">2026-04-01</subfield>
    <subfield code="i">112667</subfield>
    <subfield code="l">0</subfield>
    <subfield code="o">RA 1063.4 .A 85 2014</subfield>
    <subfield code="p">A000468</subfield>
    <subfield code="r">2026-04-01 13:30:00</subfield>
    <subfield code="t">4</subfield>
    <subfield code="w">2026-04-01</subfield>
    <subfield code="y">BK</subfield>
  </datafield>
</record>
